| 000 | 00432cam a22001817a 4500 | ||
|---|---|---|---|
| 001 | 000117 | ||
| 003 | armpunfd | ||
| 005 | 20140612090559.0 | ||
| 008 | 011019e0####xx#a##########000#0#und#d | ||
| 040 |
_aarmpunfd _carmpunfd |
||
| 080 | _a34 Q 48 | ||
| 100 | 1 | 0 | _a Quiroga Lavie, Humberto |
| 245 | 1 | 0 | _aPotestad legislativa |
| 260 |
_a389 P. _b1993 |
||
| 650 | 7 |
_a Derecho _2LEMB |
|
| 942 |
_cLB _2cdu |
||
| 945 |
_aCatalis _d2010-08-19 |
||
| 999 |
_c115 _d230619 |
||